000 nam a22 7a 4500
999 _c129504
_d129504
008 190430b xxu||||| |||| 00| 0 eng d
050 _aBX1938.P3 S487
100 _aSerrao, Alwyn
_946092
245 _aDuties and rights of the parish priest in the removal and recourse
_cAlwyn Serrao
260 _aRome
_bPontificia Universitas Urbaniana
_c2008
300 _a330p. ;
_c24cm.
650 _aClergy
_xCanon law
_946093
942 _2lcc
_cMONOGRAPH